000 00655 a2200205 4500
999 _c11237
_d11237
020 _a9780803628069
050 _aRT82
_bNUM 2012
100 _aNunnery,Rose Kearney
_eauthor
245 _aAdavancing Your Career:
_bConcepts of Professional Nursing /
_cRose Kearnry Nunnery
250 _afifth edition
264 _aPhiladelphia:
_bDavisplus,
_c2012
300 _a414 pages
_billustrations
336 _2rdacontent
_atext
_btxt
337 _2rdamedia
_aunmediated
_bn
338 _2rdacarrier
_avolume
_bnc
500 _aincludes index
650 _aNursing Practice
650 _ahealthy-illness and Holism
942 _2lcc
_cBK
_efifth edition
_h82
_iNUN
_kRT